<?xml version="1.0" encoding="UTF-8"?>
<record
    xmlns:xsi="http://www.w3.org/2001/XMLSchema-instance"
    xsi:schemaLocation="http://www.loc.gov/MARC21/slim http://www.loc.gov/standards/marcxml/schema/MARC21slim.xsd"
    xmlns="http://www.loc.gov/MARC21/slim">

  <leader>01178nam a2200265Ia 4500</leader>
  <controlfield tag="001">23779</controlfield>
  <controlfield tag="003">GE_BSU</controlfield>
  <controlfield tag="008">181216s||||||||xx |||||||||||||| ||und||</controlfield>
  <datafield tag="020" ind1=" " ind2=" ">
    <subfield code="a">9789941035012(&#x10E1;&#x10D0;&#x10DB;&#x10D8;&#x10D5;&#x10D4; &#x10EC;&#x10D8;&#x10D2;&#x10DC;&#x10D8;&#x10E1;) 9789941035029 (&#x10DE;&#x10D8;&#x10E0;&#x10D5;&#x10D4;&#x10DA;&#x10D8; &#x10EC;&#x10D8;&#x10D2;&#x10DC;&#x10D8;&#x10E1;)</subfield>
  </datafield>
  <datafield tag="040" ind1=" " ind2=" ">
    <subfield code="c">GE_BSU</subfield>
  </datafield>
  <datafield tag="080" ind1=" " ind2=" ">
    <subfield code="a">811.353.1+811.341+81</subfield>
  </datafield>
  <datafield tag="100" ind1=" " ind2=" ">
    <subfield code="a">&#x10DB;&#x10D4;&#x10E1;&#x10EE;&#x10D8;, &#x10D0;&#x10DC;&#x10D0;.</subfield>
  </datafield>
  <datafield tag="245" ind1=" " ind2=" ">
    <subfield code="a">&#x10E5;&#x10D0;&#x10E0;&#x10D7;&#x10D5;&#x10D4;&#x10DA;&#x10E3;&#x10E0;-&#x10E8;&#x10E3;&#x10DB;&#x10D4;&#x10E0;&#x10E3;&#x10DA;-&#x10D4;&#x10D2;&#x10D5;&#x10D8;&#x10DE;&#x10E2;&#x10E3;&#x10E0;&#x10D8; &#x10DA;&#x10D8;&#x10DC;&#x10D2;&#x10D5;&#x10DD;&#x10D9;&#x10E3;&#x10DA;&#x10E2;&#x10E3;&#x10E0;&#x10DD;&#x10DA;&#x10DD;&#x10D2;&#x10D8;&#x10D0; &#x10EC;.1</subfield>
  </datafield>
  <datafield tag="245" ind1=" " ind2=" ">
    <subfield code="c">&#x10E0;&#x10D4;&#x10D3;:&#x10D2;&#x10D8;&#x10DD;&#x10E0;&#x10D2;&#x10D8; &#x10D2;&#x10E0;&#x10D8;&#x10D2;&#x10DD;&#x10DA;&#x10D0;&#x10E8;&#x10D5;&#x10D8;&#x10DA;&#x10D8;</subfield>
  </datafield>
  <datafield tag="260" ind1=" " ind2=" ">
    <subfield code="a">&#x10D7;&#x10D1;&#x10D8;&#x10DA;&#x10D8;&#x10E1;&#x10D8;</subfield>
  </datafield>
  <datafield tag="260" ind1=" " ind2=" ">
    <subfield code="b">&#x10DB;&#x10EC;&#x10D8;&#x10D2;&#x10DC;&#x10DD;&#x10D1;&#x10D0;&#x10E0;&#x10D8;</subfield>
  </datafield>
  <datafield tag="260" ind1=" " ind2=" ">
    <subfield code="c">2011</subfield>
  </datafield>
  <datafield tag="300" ind1=" " ind2=" ">
    <subfield code="a">580&#x10D2;&#x10D5;; &#x10D8;&#x10DA;,23&#x10E1;&#x10DB;.</subfield>
  </datafield>
  <datafield tag="300" ind1=" " ind2=" ">
    <subfield code="b">&#x10D1;&#x10D8;&#x10D1;&#x10DA;&#x10D8;&#x10DD;&#x10D2;&#x10E0;&#x10D0;&#x10E4;.&#x10D2;&#x10D5;:534-545</subfield>
  </datafield>
  <datafield tag="541" ind1=" " ind2=" ">
    <subfield code="h">10&#x10DA;.</subfield>
  </datafield>
  <datafield tag="653" ind1=" " ind2=" ">
    <subfield code="a">&#x10DA;&#x10D8;&#x10DC;&#x10D2;&#x10D5;&#x10DD;&#x10D9;&#x10E3;&#x10DA;&#x10E2;&#x10E3;&#x10E0;&#x10DD;&#x10DA;&#x10DD;&#x10D2;&#x10D8;&#x10D0;</subfield>
  </datafield>
  <datafield tag="653" ind1=" " ind2=" ">
    <subfield code="a">&#x10E5;&#x10D0;&#x10E0;&#x10D7;&#x10D5;&#x10D4;&#x10DA;&#x10E3;&#x10E0; &#x10D3;&#x10D0; &#x10E8;&#x10E3;&#x10DB;&#x10D4;&#x10E0;&#x10E3;&#x10DA;&#x10D8; &#x10D4;&#x10DC;&#x10D0;</subfield>
  </datafield>
  <datafield tag="653" ind1=" " ind2=" ">
    <subfield code="a">&#x10E5;&#x10D0;&#x10E0;&#x10D7;&#x10D5;&#x10D4;&#x10DA;&#x10E3;&#x10E0;-&#x10E8;&#x10E3;&#x10DB;&#x10D4;&#x10E0;&#x10E3;&#x10DA;-&#x10D4;&#x10D2;&#x10D5;&#x10D8;&#x10DE;&#x10E2;&#x10E3;&#x10E0;&#x10D8; &#x10DA;&#x10D8;&#x10DC;&#x10D2;&#x10D5;&#x10DD;&#x10D9;&#x10E3;&#x10DA;&#x10E2;&#x10E3;&#x10E0;&#x10DD;&#x10DA;&#x10DD;&#x10D2;&#x10D8;&#x10D0; &#x10EC;.1</subfield>
  </datafield>
  <datafield tag="942" ind1=" " ind2=" ">
    <subfield code="c">BK</subfield>
  </datafield>
  <datafield tag="999" ind1=" " ind2=" ">
    <subfield code="c">56657</subfield>
    <subfield code="d">56657</subfield>
  </datafield>
</record>
